000
00240nam a22000977a 4500
008
170110b xxu||||| |||| 00| 0 eng d
041
_a
eng
080
_2
5TH
_a
618.2
245
_a
LABORATORY EXPERIMENTS IN PHYSIOLOGY
_c
ZOETHOUT
942
_2
udc
_c
BK
999
_c
2610
_d
2610